Let's go rock collecting / (Record no. 7361)

MARC details
000 -LEADER
fixed length control field 00953nam a22002777a 4500
001 - CONTROL NUMBER
control field 7361
003 - CONTROL NUMBER IDENTIFIER
control field FISKH
005 - DATE AND TIME OF LATEST TRANSACTION
control field 20260319110552.0
008 - FIXED-LENGTH DATA ELEMENTS--GENERAL INFORMATION
fixed length control field 250710b cb ||||| |||| 00| 0 eng d
040 ## - CATALOGING SOURCE
Original cataloging agency FISKH
Language of cataloging eng
Transcribing agency FISKH
Modifying agency FISKH 552.0075 LCC QE433 .G36
050 ## - LIBRARY OF CONGRESS CALL NUMBER
Classification number QE433 .G36
082 ## - DEWEY DECIMAL CLASSIFICATION NUMBER
Classification number 552.0075
100 ## - MAIN ENTRY--PERSONAL NAME
Personal name Gans, Roma
245 ## - TITLE STATEMENT
Title Let's go rock collecting /
Statement of responsibility, etc. by Roma Gans ; illustrated by Holly Keller
250 ## - EDITION STATEMENT
Edition statement First Scholastic printing, February 1998
260 ## - PUBLICATION, DISTRIBUTION, ETC.
Place of publication, distribution, etc. New York :
Name of publisher, distributor, etc. Scholastic,
Date of publication, distribution, etc. 1984
300 ## - PHYSICAL DESCRIPTION
Extent 32 pages :
Other physical details color illustrations ;
Dimensions 21 x 26 cm
505 ## - FORMATTED CONTENTS NOTE
Formatted contents note N<br/>
520 ## - SUMMARY, ETC.
Summary, etc. Describes the formation and characteristics of igneous, metamorphic, and sedimentary rocks and how to recognize and collect them.
521 8# - TARGET AUDIENCE NOTE
Target audience note 540<br/>
Source Lexile <br/>
521 8# - TARGET AUDIENCE NOTE
Target audience note N<br/>
Source Raz-Plus<br/>
650 ## - SUBJECT ADDED ENTRY--TOPICAL TERM
Topical term or geographic name entry element Earth Science
Form subdivision Minerals
General subdivision Rock Collecting
700 ## - ADDED ENTRY--PERSONAL NAME
Personal name Keller, Holly
Relator term illustrator
942 ## - ADDED ENTRY ELEMENTS (KOHA)
Source of classification or shelving scheme Dewey Decimal Classification
Koha item type Books
Suppress in OPAC No
Holdings
Withdrawn status Lost status Source of classification or shelving scheme Damaged status Not for loan Collection Home library Current library Shelving location Date acquired Total Checkouts Full call number Barcode Date last seen Copy number Price effective from Koha item type
    Dewey Decimal Classification     Non-Fiction Footprints International School Library Network Toul Kork Campus Footprints International School Library Network Toul Kork Campus TK Primary Library Room(4th Floor), Bookcase 3&4, Shelves 17-32, Yellow Books 07/10/2025   GAN 552.0075 QE433 .G36 FISTK02226 07/10/2025 1 07/10/2025 Books
    Dewey Decimal Classification     Non-Fiction Footprints International School Library Network Toul Tom Poung Campus Footprints International School Library Network Toul Tom Poung Campus TTP Primary Yellow Bookshelves 11/13/2025   GAN 552.0075 QE433 .G36 FIS01884 11/13/2025 2 11/13/2025 Books
    Dewey Decimal Classification     Non-Fiction Footprints International School Library Network Toul Tom Poung Campus Footprints International School Library Network Toul Tom Poung Campus TTP Primary Yellow Bookshelves 03/19/2026   GAN 552.0075 QE433 .G36 FISBK01070 03/19/2026 3 03/19/2026 Books